Daň z přidané hodnoty po novele Úplné znění zákona s vysvětlivkami
K novele zákona o dani z pridanej hodnoty. Zákon ČNR č.588/1992 Zb. o dani z pridanej hodnoty, v znení neskorších predpisov (úplné znenie). Otázky a odpovede k novele zákona o dani z pridanej hodnoty.
Uložené v:
| Hlavný autor: | |
|---|---|
| Ďalší autori: | , |
| Médium: | Kapitola |
| Jazyk: | Czech |
| Predmet: | |
| Tagy: |
Žiadne tagy, Buďte prvý, kto otaguje tento záznam!
|
MARC
| LEADER | 00000naa a2200000 4500 | ||
|---|---|---|---|
| 001 | r024322 | ||
| 005 | 20221208130721.9 | ||
| 041 | 0 | |a cze | |
| 044 | |a CZ | ||
| 245 | 1 | 0 | |a Daň z přidané hodnoty po novele |b Úplné znění zákona s vysvětlivkami |c J. Klak, L. Pitner, Jiří Nesnídal |
| 520 | |a K novele zákona o dani z pridanej hodnoty. Zákon ČNR č.588/1992 Zb. o dani z pridanej hodnoty, v znení neskorších predpisov (úplné znenie). Otázky a odpovede k novele zákona o dani z pridanej hodnoty. | ||
| 610 | 2 | 0 | |a dane z hodnoty pridanej |
| 610 | 2 | 0 | |a zákony |
| 610 | 2 | 0 | |a 1992 |
| 610 | 2 | 0 | |a 1993 |
| 610 | 2 | 0 | |a 1994 |
| 610 | 2 | 0 | |a Česko |
| 100 | 1 | |a Klak, J. | |
| 700 | 1 | |a Pitner, L. | |
| 700 | 1 | |a Nesnídal, Jiří | |